Hauptstädte Südamerikas - Statistiken

Allgemein
  • Dieses Quiz wurde 413 mal gespielt
  • Das Durchschnittsergebnis liegt bei 9 aus 13
Antwortstatistiken
Hint Antwort % Korrekt
Brasilien Brasilia
98%
Argentinien Buenos Aires
90%
Peru Lima
87%
Uruguay Montevideo
80%
Kolumbien Bogota
74%
Chile Santiago de Chile
74%
Venezuela Caracas
70%
Ecuador Quito
68%
Bolivien Sucre
56%
Guyana Georgetown
55%
Paraguay Asuncion
54%
Suriname Paramaribo
42%
franz. Guyana Cayenne
25%
Keine übereinstimmenden Quizze gefunden
Verteilung der Resultate
Anzahl Personen mit jedem Resultat
Perzentil nach korrekt beantworteten Fragen
Ihre Resultats-Entwicklung
Sie haben dieses Quiz noch nicht gespielt